000 00218nam a22000857a 4500
008 160713b xxu||||| |||| 00| 0 eng d
100 _92745
_a Sen, S
245 _aThe Battle of the Books
260 _aNew Delhi
_b Unique
_c1980
999 _c2384
_d2384